Additions and corrections to the former editions of Dr. Robertson's History of Scotland.

Bibliographic Details
Main Author: Robertson, William, 1721-1793
Format: eBook
Language:English
Series:Eighteenth century collections online.
Online Access:Full text online

MARC

Tag First Indicator Second Indicator Subfields
LEADER 00000cam a2200000 4500
001 in00001855310
006 m | d |
007 cr |n||||||||n
008 790922s1787 enk|||| s 00||||eng d
005 20260414162027.2
035 |a (CStRLIN)ESTCT65395 
040 |a Uk-ES  |c Uk-ES  |d CStRLIN  |d Thomson Gale  |d UtOrBLW 
100 1 |a Robertson, William,  |d 1721-1793. 
245 1 0 |a Additions and corrections to the former editions of Dr. Robertson's History of Scotland. 
264 3 |a London :  |b printed for T. Cadell,  |c 1787. 
300 |a 4 unnumbered pages, 35, 1 unnumbered page ;  |c 4⁰. 
336 |a text  |b txt  |2 rdacontent 
337 |a computer  |b c  |2 rdamedia 
338 |a online resource  |b cr  |2 rdacarrier 
500 |a Additions refer to the 1771 quarto edition.-With the preface to the eleventh edition. 
500 |a Reproduction of original from the British Library. 
510 4 |a English Short Title Catalog,  |c ESTCT65395. 
533 |a Electronic reproduction.  |b Farmington Hills, Mich. :  |c Thomson Gale,  |d 2003.  |n Available via the World Wide Web.  |n Access limited by licensing agreements  |7 s2003 miunns 
500 |a Electronic resource. 
830 0 |a Eighteenth century collections online. 
856 4 0 |u http://proxy.library.tamu.edu/login?url=https://galenet.galegroup.com/servlet/ECCO?c=1&stp=Author&ste=11&af=BN&ae=T065395&tiPG=1&dd=0&dc=flc&docNum=CW102241702&vrsn=1.0&srchtp=a&d4=0.33&n=10&SU=0LRH&locID=txshracd2898  |z Full text online  |t 0 
999 |a MARS 
999 f f |s b5296c87-fc7f-3b25-8301-e81134d44471  |i 8486d128-cc0d-3e0e-9665-d5df2ff919a2  |t 0 
952 f f |a Texas A&M University  |b College Station  |c Electronic Resources  |s www_evans  |d Available Online  |t 0  |h No information provided 
998 f f |t 0  |l Available Online